000 00803nam a2200265 a 4500
999 _c8908
_d8908
001 2567996
003 GZU
005 20210526124355.0
008 950509s1994 sa 001 0 eng
010 _a 95150801
020 _a9780409029055
040 _aDLC
_cDLC
043 _af-sa---
050 0 0 _aKD1942
_b.G47 1994
082 0 0 _a346.68/078
_a346.80678
_220
100 1 _aGering, Leonard.
245 1 0 _aLeading cases on insolvency /
_cLeonard Gering.
260 _aDurban :
_bButterworths,
_cc1994.
300 _axxi, 323 p. ;
_c25 cm.
500 _aIncludes index.
650 0 _aBankruptcy
_zSouth Africa
_xCases.
906 _a7
_bcbc
_corignew
_d2
_encip
_f19
_gy-gencatlg
942 _2lcc
_cBK
_h1942
_iGER
_kKD
_m1984